000 00683nam a2200217Ia 4500
008 160517s9999 xx 000 0 und d
050 _aRC 552.E18
050 _b.F634 2016
100 _aFlores, Regine Antonette B.
245 _aSociocultural attitudes and eating behavior patterns of selected college students at southville international school and colleges/
245 _cRegine Antonette B. Flores.
260 _aLas PiƱas, Philippines :
260 _bSISC,
260 _c2016.
300 _a141 pages :
300 _billustrations ;
300 _c28 cm.
500 _aIncludes bibliographical references and appendices.
521 _aPsychology
942 _cTH
999 _c294007
_d294007